00445nam a2200193Ia 4500008004100000020001800041050001400059100001900073245001500092245002200107260001500129260001600144260000900160300001600169300002000185300001000205300002800215500000800243170918s9999 xx 000 0 und d a9780545097888 bM554 2007 aMercer, Sienna aSwitched / cby Sienna Mercer. aNew York : bScholastic, c2007 a199 pages : billustrations ; c19cm. eMy sister the vampire . a650